02199nam a22002417a 450000500170000000800410001702000180005804000070007604100120008308200200009510000180011524500410013326000370017430000310021136500530024252014920029565000330178765000270182065000320184765000410187970000200192070000170194020250506110852.0241120b ||||| |||| 00| 0 eng d a9780670084067 cAL aEnglish 223a659.2bWITT aMorgen Witzel aTata: Evolution Of A Corporate Brand aPenguin BusinessbHaryanac2024 axvii,222 p.bHBc24x16 cm. a5115b₹639.00c₹d₹799.00e20%f15-11-2024 aA series of high-profile acquisitions, including Jaguar Land Rover and Corus Steel, together with the launch of the Nano (the world’s first Rs. 1 Lakh/ below US$ 2500 car), is set to change our perception of India’: on the threshold of becoming a truly global brand.*s oldest and most respected corporate brand. With a major international presence, in a variety of areas including steel, tea, chemicals, communications and software, Tata now stands 65th in the world brand valuation league. But what is the Tata brand all about? What are its values? How do people perceive it, in India and around the world? In this absorbing and informed book Morgen Witzel digs into the heart of the Tata enterprise, describes its origins, how Tata’s reputation and image evolved, and how the group has worked to transform that image into a powerful and valuable brand. Tata: The Evolution of a Corporate Brand goes to the core of the Tata ethos to explore the unique relationship between the Tata group and the Indian people, a relationship that goes beyond the achievements of a successful business to its social contributions for its employees and the society at large. Finally it asks how that reputation will be perceived and understood as Tata moves into global markets. Whether you’re an entrepreneur, a manager, a marketer, or an interested Tata loyalist this book will help you understand the durability of the brand and inspire you with the values it holds onto in the global economy. aTata Group--Public relations aCorporate image--India aBranding (Marketing)--India aCreative ability in business--India. aWITZEL (Morgen) aCHARAN (Ram)